LEADER 01419nam a2200325 u 4500 001 000000063606 003 CaOOAMICUS 005 20070226121250.0 008 011031s1991 it u000 u ita u 020 $a8842038067 035 $a10908477 040 $aMSA$bita$dPUL(R) 100 1 $aFahd, Toufic,$d1923-2009.$0(OLS)http://pul/name/43129 245 12$aL'islamismo /$cToufic Fahd, Alessandro Bausani ; a cura di Henri-Charles Puech. 260 $aRoma :$bLaterza,$c1997. 300 $a260 p. ;$c23 cm 490 1 $aStoria delle religioni 490 1 $aBiblioteca universale (Laterza) ;$v230 500 $aTitolo orig. "Histoire des Religions" 650 4$aIslamismo$xCritica e interpretazione.$0(OLS)http://pul/subject/5701 700 1 $aPuech, Henri-Charles,$d1902-1986.$0(OLS)http://pul/name/7029 700 1 $aBausani, Alessandro,$d1921-$0(OLS)http://pul/name/18787 830 0$aBiblioteca universale (Laterza) ;$v230.$0(OLS)http://pul/title/51 830 0$aStoria delle religioni (Laterza).$0(OLS)http://pul/title/64845 850 $aPUL 852 $aPUL$W1$xDP1 Cons. Gen., Altre Classi 1$y22$m781 B 10$j82529$nBK-PRI$b $qStampati$B82529$CPULBib$Z2$F82529 $H70724 $81 941 1 $a8 996 $6020$a8842038067$9(OLS)http://pul/number/82540 996 $6245$aL'islamismo$9(OLS)http://pul/title/84800 996 $6260$aRoma :$bLaterza$9(OLS)http://pul/publisher/47864 LEADER 01969nam a2200433 a 4500 001 000000133930 003 CaOOAMICUS 005 20130517103621.0 008 130517s2013 it u000 ubita r 020 $a978-88-6715-485-2 040 $aPUL$bita 041 1 $aita$hspa 082 04$a282.092 100 0 $aFranciscus PP.,$d1936-2025.$0(OLS)http://pul/name/86295 240 10$aPapa Francisco: conversaciones con Jorge Bergoglio.$lItaliano.$0(OLS)http://pul/title/169310 245 10$aPapa Francesco :$bil nuovo Papa si racconta ; conversazione con Sergio Rubin e Francesca Ambrogetti /$cJorge Mario Bergoglio. 260 $aFirenze :$bSalani,$c2013. 300 $a190 p. ;$c21 cm 500 $aSul v. del front.: traduzione di Gualtiero De Marinis [et al.]. 600 04$aFranciscus PP.,$d1936-2025.$0(OLS)http://pul/subject/39590 700 1 $aRubin, Sergio.$0(OLS)http://pul/name/86296 700 1 $aAmbrogetti, Francesca.$0(OLS)http://pul/name/86297 700 1 $aDe Marinis, Gualtiero.$0(OLS)http://pul/name/86298 850 $aPUL 852 $aPUL$W1$xSL Religione 3$y85$m282. 092 FRANC 4$j153993$qDDC 21$B153544$CPULBib$Z2$F153544 $H122345 $82 900 $aBergoglio, Jorge Mario$986295 900 $aFrancesco, papa,$d1936-$986295 910 $aPapi (2013-2025 : Franciscus)$986295 910 $aPapi (2013-2025 : Franciscus)$986295 941 1 $a9 960 $aFrancesco papa,$d1936-$939590 960 $aPapi (2013-2025 : Franciscus)$939590 960 $aPapi (2013-2025 : Franciscus)$939590 960 $aBergoglio, Jorge Mario$939590 996 $6020$a978-88-6715-485-2$9(OLS)http://pul/number/152703 996 $6082$a282.092$9(OLS)http://pul/classification/402 996 $6245$aPapa Francesco :$bil nuovo Papa si racconta ; conversazione con Sergio Rubin e Francesca Ambrogetti$9(OLS)http://pul/title/169307 996 $6260$aFirenze :$bSalani$9(OLS)http://pul/publisher/52861